| 000 | 00375nam a2200157Ia 4500 | ||
|---|---|---|---|
| 008 | 221030s9999 xx 000 0 und d | ||
| 020 | _a8122407884 | ||
| 041 | _aEnglish | ||
| 082 |
_a105.23 _bRav |
||
| 100 | _aD. Ravichandran | ||
| 245 | 0 | _aProgramming in C | |
| 260 |
_bNew Age International Pub. _aNew Delhi _c2002 |
||
| 300 | _a400 | ||
| 650 | _aComputers | ||
| 942 | _cBK | ||
| 999 |
_c1396 _d1396 |
||